• 首页
  • 本馆介绍
  • 公告通知
  • 最新文献
  • 馆藏检索
  • 电子资源
  • 读者导购
  • 参考咨询
  • 我的图书馆
  • 登录
  • 详细信息显示
  • 放入我的书架
  • 预约/预借图书
  • 作者相关作品
  • 分类相关作品
  • 丛书相关作品
  • 出版社相关作品

书目信息

  • 表格格式
  • 工作单格式
  • 卡片格式
题名:
热带珊瑚岛礁土壤线虫
    
 
作者: 刘占锋 , 吴文佳 主编
分册:  
出版信息: 广州   广东科技出版社  2020.3
页数: 121页
开本: 24cm
丛书名:
单 册:
中图分类: P737.2 , S154.38
科图分类:
主题词: 珊瑚礁--土壤微生物--线虫--研究
电子资源:
ISBN: 978-7-5359-7376-4
000 01268nam0 2200289 45
001 012001002332
005 20140913170926.0
010    @a978-7-5359-7376-4@dCNY80.00
100    @a20200612d2020 em y0chiy50 ea
101 0  @achi
102    @aCN@b440000
105    @aa z 000yy
106    @ar
200 1  @a热带珊瑚岛礁土壤线虫@Are dai shan hu dao jiao tu rang xian chong@b专著@e形态分类与群落结构@f刘占锋,吴文佳主编
210    @a广州@c广东科技出版社@d2020.3
215    @a121页@c图@d24cm
300    @a中国科学院战略性先导科技专项(A类) 广东省科技计划项目 国家自然科学基金一广东联合基金重点项目 中国科学院青年创新促进会优秀会员项目资助
300    @a其他题名:形态分类与群落结构
330    @a本书是一部反映中国西沙群岛和南沙群岛等热带珊瑚岛礁的土壤线虫种类多样性、群落结构及分布特征的著作。书中共记载了土壤线虫45个属,拍摄土壤线虫形态照片200余幅,详细描述了土壤线虫每个属的形态学鉴定特征、分布生境和食性分类等,制订了形态学鉴定分类检索表。
517 1  @a形态分类与群落结构@Axing tai fen lei yu qun luo jie gou
606 0  @a珊瑚礁@x土壤微生物@x线虫@x研究
690    @aP737.2@v5
690    @aS154.38@v5
701  0 @a刘占锋@Aliu zhan feng@4主编
701  0 @a吴文佳@Awu wen jia@4主编
801  0 @aCN@bBJSDL@c20211011
905    @b1339320-3@dP737.2@e130@f4
    
    热带珊瑚岛礁土壤线虫:形态分类与群落结构/刘占锋,吴文佳主编.-广州:广东科技出版社,2020.3
    121页:图;24cm
    中国科学院战略性先导科技专项(A类) 广东省科技计划项目 国家自然科学基金一广东联合基金重点项目 中国科学院青年创新促进会优秀会员项目资助.-其他题名:形态分类与群落结构
    
    ISBN 978-7-5359-7376-4:CNY80.00
    本书是一部反映中国西沙群岛和南沙群岛等热带珊瑚岛礁的土壤线虫种类多样性、群落结构及分布特征的著作。书中共记载了土壤线虫45个属,拍摄土壤线虫形态照片200余幅,详细描述了土壤线虫每个属的形态学鉴定特征、分布生境和食性分类等,制订了形态学鉴定分类检索表。
●
相关链接 在E读中查询图书 在五车中查询图书 在当当中查询图书 在豆瓣中查询图书


正题名:热带珊瑚岛礁土壤线虫     索取号:P737.2/130         预约/预借

序号 登录号 条形码 馆藏地/架位号 状态 备注
1 1339320   213393200   第二样本阅览室/ [索取号:P737.2/130] 在馆    
2 1339321   213393219   第三借阅区/ [索取号:P737.2/130] 在馆    
3 1339322   213393228   第三借阅区/ [索取号:P737.2/130] 在馆    
4 1339323   213393237   第三借阅区/ [索取号:P737.2/130] 在馆    
唐山师范学院图书馆 欢迎您!
大连网信软件有限公司© 版权所有